000 00572nam a2200229Ia 4500
003 OSt
005 20221005123405.0
006 a|||||r|||| 00| 0
007 ta
008 221004b |||||||| |||| 00| 0 eng d
024 _a45361
037 _cTextual
040 _aCRL
_cCRL
_beng
041 _2eng
_aeng
082 _aQy7, F5
100 _aMacdonell Arthur Anthony
245 0 _aLectures on comparative religion, etc
260 _c1925
650 _aRELIGION
942 _hQy7, F5
_cTEXL
_2cc
999 _c1047286
_d1047286